[Event "Bosnjaci op 27th"]
[Site "Bosnjaci"]
[Date "2023.01.03"]
[Round "1"]
[White "Tomljenovic, Mile"]
[Black "Muratovic, Efim"]
[Result "0-1"]
[WhiteElo "1759"]
[BlackElo "2300"]
[PlyCount "98"]
[EventDate "2023.01.03"]
[EventType "swiss"]
[EventRounds "9"]
[EventCountry "CRO"]
[SourceTitle "CBM 212 Extra"]
[Source "ChessBase"]
[SourceDate "2023.03.31"]
[SourceVersion "1"]
[SourceVersionDate "2023.03.31"]
[SourceQuality "1"]

1. e4 g6 2. Nf3 Bg7 3. Bc4 c6 4. Nc3 d6 5. d3 Nf6 6. 0-0 0-0 7. a3 d5 8. exd5 cxd5 9. Bb3 Nc6 10. Re1 Bg4 11. h3 Bxf3 12. Qxf3 Nd4 13. Qg3 Nxb3 14. cxb3 e6 15. d4 Qb6 16. Ne2 Ne4 17. Qd3 a5 18. Be3 a4 19. b4 Nd6 20. Nc3 Rfc8 21. Rac1 Rc4 22. Ne2 Qa6 23. Rxc4 Qxc4 24. Qd1 Qa2 25. Qc2 Nc4 26. Bc1 Qb3 27. Qc3 Rc8 28. Qxb3 axb3 29. Rd1 Nd6 30. Rd3 Nb5 31. Bd2 Rc2 32. a4 Nd6 33. Nc1 Nc4 34. Nxb3 Rxb2 35. Be3 Bf8 36. b5 b6 37. Nc1 Rb1 38. Rc3 Ra1 39. Kh2 Rxa4 40. Nd3 Bd6+ 41. g3 Ra5 42. Rb3 Ra2 43. Bh6 f6 44. Kg2 g5 45. h4 gxh4 46. gxh4 Ra3 47. Rxa3 Nxa3 48. Bf4 Bxf4 49. Nxf4 Kf7 0-1